The Last Hours (Record no. 12133)
[ view plain ]
| 000 -LEADER | |
|---|---|
| fixed length control field | 00251nam a22000977a 4500 |
| 008 - FIXED-LENGTH DATA ELEMENTS--GENERAL INFORMATION | |
| fixed length control field | 221104b |||||||| |||| 00| 0 eng d |
| 020 ## - INTERNATIONAL STANDARD BOOK NUMBER | |
| International Standard Book Number | 9781760632137 |
| 100 ## - MAIN ENTRY--PERSONAL NAME | |
| Personal name | Walters Minette |
| 9 (RLIN) | 7619 |
| 245 ## - TITLE STATEMENT | |
| Title | The Last Hours |
| 260 ## - PUBLICATION, DISTRIBUTION, ETC. (IMPRINT) | |
| Place of publication, distribution, etc. | London |
| Name of publisher, distributor, etc. | Allen & Unwin |
| Date of publication, distribution, etc. | 2017 |
| Withdrawn status | Lost status | Source of classification or shelving scheme | Damaged status | Koha normalized classification for sorting | Not for loan | Home library | Current library | Shelving location | Date acquired | Total Checkouts | Full call number | Barcode | Date last seen | Date last checked out | Price effective from | Koha item type |
|---|---|---|---|---|---|---|---|---|---|---|---|---|---|---|---|---|
| Dewey Decimal Classification | WAL_823_000000000000000 | Good Samaritan School Library | Good Samaritan School Library | FICTION | 11/04/2022 | 1 | WAL823 | WAL17377 | 12/13/2023 | 12/08/2023 | 11/04/2022 | BOOK |